000 00619nam a2200253Ia 4500
005 20260123172721.0
008 008 260114s9999 xx 000 0 eng d
020 _a9781643270319
037 _aEBOOK
040 _aCRL
040 _beng
040 _cCRL
041 _2eng
041 _aeng
084 _qCRL
100 _aHarkness-Brennan, Laura
_91107135
245 0 _aIntroduction to the Physics of Nuclear Medicine
260 _bInstitute of Physics
260 _c2018
856 _uhttp://dx.doi.org/10.1088/978-1-6432-7034-0
942 _cEBOOK
999 _c1672244
_d1672244